• 首页
  • 本馆介绍
  • 公告通知
  • 最新文献
  • 馆藏检索
  • 电子资源
  • 读者导购
  • 参考咨询
  • 我的图书馆
  • 登录
  • 详细信息显示
  • 放入我的书架
  • 预约/预借图书
  • 作者相关作品
  • 分类相关作品
  • 丛书相关作品
  • 出版社相关作品

书目信息

  • 表格格式
  • 工作单格式
  • 卡片格式
题名:
共产主义运动中的“左派”幼稚病
    
 
作者: 列宁 著 ;中共中央马、恩、列、斯著作编译局 编译
分册:  
出版信息: 北京   人民出版社  1949.09
页数: 98页
开本: 19cm
丛书名:
单 册:
中图分类: A226
科图分类:
主题词: 列字著作--单行本--1918~1920年
电子资源:
ISBN:
000 00742nam0 2200217 45
001 0181023526
005 20070923152249.06
010    @dCNY0.23
091    @a1001.5
100    @a20810111d km y0chiy0120 ea
101 0  @achi
200 1  @a共产主义运动中的“左派”幼稚病@AGong Chan Zhu Yi Yun Dong Zhong De“Zuo Pai”You Zhi Bing@f列宁著@FLie Ning Zhu@g中共中央马、恩、列、斯著作编译局编译
205    @a第3版
210    @a北京@c人民出版社@d1949.09
215    @a98页@d19cm
606 0  @a列字著作@x单行本@x1918~1920年
690    @aA226@v3
701 0  @a列宁@4著
712 02 @a中共中央马、恩、列、斯著作编译局@AZhong Gong Zhong Yang Ma、En、Lie、Si Zhu Zuo Bian Yi Ju@4编译
801    @aCN@bTSTC@c20070923
905    @dA226@e20:2005=3@f1@b65582
    
    共产主义运动中的“左派”幼稚病/列宁著/中共中央马、恩、列、斯著作编译局编译.-第3版.-北京:人民出版社,1949.09
    98页;19cm
    
    
    ISBN :CNY0.23
    
●
相关链接 在E读中查询图书 在五车中查询图书 在当当中查询图书 在豆瓣中查询图书


正题名:共产主义运动中的"左派"幼稚病     索取号:A226/20:2005=3         预约/预借

序号 登录号 条形码 馆藏地/架位号 状态 备注
1 0065581   000951642   第一借阅区/ [索取号:A226/20:2005=3] 在馆    
2 0065582   002046048   第一样本阅览室/ [索取号:A226/20:2005=3] 在馆    
3 0065583   202262586   密集书库/ [索取号:A226/20:2005=3] 在馆    
4 0065584   000951688   第一借阅区/ [索取号:A226/20:2005=3] 在馆    
5 0065585   000950965   第一借阅区/ [索取号:A226/20:2005=3] 在馆    
6 0065586   000951679   第一借阅区/ [索取号:A226/20:2005=3] 在馆    
7 0065587   000951740   第一借阅区/ [索取号:A226/20:2005=3] 在馆    
8 0065588   000951713   第一借阅区/ [索取号:A226/20:2005=3] 在馆    
9 0065589   000951483   第一借阅区/ [索取号:A226/20:2005=3] 在馆    
10 0065590   000951704   第一借阅区/ [索取号:A226/20:2005=3] 在馆    
11 0624620   206246203   密集书库/ [索取号:A226/20:2005=3] 在馆    
唐山师范学院图书馆 欢迎您!
大连网信软件有限公司© 版权所有